Az anarchizmus elmélete és magyarországi története
Elmentve itt :
| Szerző: | |
|---|---|
| További közreműködők: | |
| Adatforrás: | Philobibl |
| Dokumentumtípus: | Könyv |
| Nyelv: | magyar |
| Kulcsszavak: | politikai filozófia anarchizmus eszmetörténet |
| Megjelent: |
Bp.
Cserépfalvi K.
1994
|
| Sorozat: | Scienti Hungariae
|
| LEADER | 00537nam a2200181 c 4500 | ||
|---|---|---|---|
| 001 | bibDOK00000086 | ||
| 005 | 20200924115635.6 | ||
| 008 | 060518s1994 hu hun | ||
| 100 | 1 | |a Bozoki András | |
| 245 | 1 | 3 | |a Az anarchizmus elmélete és magyarországi története |c Bozoki András ; Sükösd Miklós |
| 260 | |a Bp. |b Cserépfalvi K. |c 1994 | ||
| 300 | |a 250 p. | ||
| 490 | 1 | |a Scienti Hungariae | |
| 695 | |a politikai filozófia | ||
| 695 | |a anarchizmus | ||
| 695 | |a eszmetörténet | ||
| 700 | 1 | |a Sükösd Miklós | |
| 830 | 0 | |a Scienti Hungariae | |